000 00742nam a22002535i 4500
001 161159
003 ES-MaACL
005 20230906212214.0
008 971001s1892 it a |||| | ita d
040 _aAR
_bspa
_cAR
080 _a01(03)
100 1 _aOttino, Giuseppe.
_9130744
245 1 0 _aBibliografia /
_cdi Giuseppe Ottino.
250 _a2ª ed. riveduta.
260 _aMilano :
_bUlrico Hoepli,
_c1892 (
_fTip. Lombardi)
300 _aVIII, 166 p. :
_bil. ;
_c15 cm.
490 1 _aManuali Hoepli
700 1 1 _aHoepli, Ulrico,
_eed.
_9128010
700 1 1 _aLombardi,
_eimp.
_9129041
752 _aItalia -
_dMilán
830 0 _aManuali Hoepli
_9180782
852 _aES-MaACL
_jD-3592
_z-- Enc. hol.
999 _c161159
_d161159